000 02091nam a2200253 a 4500
005 20260430121958.0
007 cr |||aaaaaaa|
008 260430s2020 mx|ad|||o ||| 000 0 spa d
020 _a9786078784035
040 _aMX-MxUPN
_bspa
_eaacr2
041 0 _aspa
245 1 3 _aEl trabajo colaborativo docente en la educación media superior
_h[recurso electrónico en línea]
250 _aPrimera edición
260 _aCuernavaca, Morelos, México :
_bUniversidad Autónoma del Estado de Morelos,
_c2020.
300 _a1 recurso en línea (226 páginas) :
_bilustraciones, gráficas, PDF
505 _tEl trabajo colaborativo en la educación media superior, una revisión de la literatura desde la óptica del análisis sociológico del discurso /
_rLuz Marina Ibarra Uribe y Areli Jocabed Barrera Alcalá.--
_tEl trabajo colaborativo en la educación media superior, notas para su comprensión /
_rMarcos Jacobo Estrada Ruiz y Sergio Jacinto Alejo López.--
_tTrabajo colaborativo para la formación docente en educación media superior /
_rRosana Santiago García.--
_tEl trabajo colaborativo docente. Una estrategia para hacer frente a algunos de los principales problemas de la educación media superior /
_rCésar Darío Fonseca Bautista.--
_tCultura docente y trabajo colaborativo en los planteles de bachillerato tecnológico en Morelos /
_rBertha María Alcántara Sánchez y Areli Jocabed Barrera Alcalá.--
_tUna experiencia exitosa de trabajo colaborativo docente /
_rKeeren Pérez Valentin.--
_tLa reunión de academia local y el trabajo colegiado en el bachillerato tecnológico /
_rCésar Darío Fonseca Bautista.--
_tDocentes de la UEMSTIS-Morelos ante un modelo educativo de liderazgo y colaboración /
_rRosa Isela Covarrubias Pinzón.
506 0 _aAcceso abierto
700 1 _aFonseca Bautista, César Darío
_954450
_ecoordinación
700 1 _aIbarra Uribe, Luz Marina
_959453
_ecoordinación
700 1 _aSantiago García, Rosana
_959454
_ecoordinación
856 4 0 _uhttp://riaa.uaem.mx/handle/20.500.12055/1357
902 _aJohanaAllegre/300426
942 _2lcc
_cLIBRO-E
999 _c215047
_d215047